Filosofía racional, natural, imoral (Record no. 8480)

MARC details
000 -CABECERA
campo de control de longitud fija 00824nam a2200217 a 4500
001 - NÚMERO DE CONTROL
campo de control BRCA_8829
005 - FECHA Y HORA DE LA ÚLTIMA TRANSACCIÓN
campo de control 20190320210428.0
008 - DATOS DE LONGITUD FIJA--INFORMACIÓN GENERAL
campo de control de longitud fija 050517s1736----sp-#######---#000-0#spa-#
041 ## - CÓDIGO DE LENGUA
Código de lengua del texto/banda sonora o título independiente spa
044 ## - CÓDIGO DEL PAÍS DE LA ENTIDAD EDITORA/PRODUCTORA
Código MARC del país sp
084 ## - OTRO NÚMERO DE CLASIFICACIÓN
Número de clasificación BE210
Número de documento/Ítem .B47 1736
100 1# - ENTRADA PRINCIPAL--NOMBRE DE PERSONA
Nombre de persona Berni, Juan Bautista
Fechas asociadas al nombre 1705 - 1744
9 (RLIN) 22005
245 10 - MENCIÓN DE TÍTULO
Título Filosofía racional, natural, imoral
Mención de responsabilidad, etc. su autor el Dr. Juan Bautista Berni; Filosofía metafísica, o transnatural.
260 ## - PUBLICACIÓN, DISTRIBUCIÓN, ETC.
Lugar de publicación, distribución, etc. Valencia
Nombre del editor, distribuidor, etc. Por Antonio Bordazar de Artázu
Fecha de publicación, distribución, etc. 1736
300 ## - DESCRIPCIÓN FÍSICA
Extensión 296 p.
Dimensiones 15 x 10 cm.
500 ## - NOTA GENERAL
Nota general Estado físico: presenta encuadernación en pergamino con presencia del pez de plata, carece de cintas y lomo semi desprendido
650 14 - PUNTO DE ACCESO ADICIONAL DE MATERIA--TÉRMINO DE MATERIA
Término de materia o nombre geográfico como elemento de entrada Filosofía
Subdivisión cronológica Obras anteriores a 1800
9 (RLIN) 22006
700 1# - PUNTO DE ACCESO ADICIONAL--NOMBRE DE PERSONA
Nombre de persona Bordazar de Artázu, Antonio
Término indicativo de función/relación Impresor
9 (RLIN) 22007
902 ## - CATALOGADOR
Iniciales CFM
942 ## - ELEMENTOS DE PUNTO DE ACCESO ADICIONAL (KOHA)
Fuente del sistema de clasificación o colocación Library of Congress Classification
Tipo de ítem Koha Libros
Holdings
Estado de retiro Estado de pérdida Estado dañado No para préstamo Localización permanente Ubicación/localización actual Fecha de adquisición Total de préstamos Signatura topográfica completa Código de barras Fecha visto por última vez Precio válido a partir de Tipo de ítem Koha
El ejemplar forma parte de la colección y puede ser consultado según las políticas vigentes.       Biblioteca del Museo Franz Mayer (Rogerio Casas-Alatriste) Biblioteca del Museo Franz Mayer (Rogerio Casas-Alatriste) 05/05/2017   BE210 .B47 1736 CFM00156 22/03/2019 22/03/2019 Libros